The Oz scrapbook /

Bibliographic Details
Main Author: Greene, David L.
Other Authors: Martin, Dick, 1927-1990
Format: Book
Language:English
Published: New York : Random House, [1977]
Edition:1st ed.
Subjects:

MARC

Tag First Indicator Second Indicator Subfields
LEADER 00000pam a2200000 i 4500
001 in00000050660
005 20160716063418.0
008 770308s1977 nyuaf b 00010 eng
010 |a  77003675  
020 |a 0394410548 :  |c $10.00 
035 |a (OCoLC)02836996 
035 |9 AAF0427AM 
040 |a DLC  |c DLC  |d TXA  |d UtOrBLW 
049 |a TXAM [Also in] [Sp Coll]  |c 1 [1534941]  |a TXAS  |c 2 [1102659] 
050 0 0 |a PS3503.A923  |b W634 
082 0 |a 813/.4 
100 1 |a Greene, David L. 
245 1 4 |a The Oz scrapbook /  |c by David L. Greene and Dick Martin. 
250 |a 1st ed. 
264 1 |a New York :  |b Random House,  |c [1977] 
264 4 |c ©1977 
300 |a 182 pages, 8 unnumbered leaves of plates :  |b illustrations (some color) ;  |c 29 cm. 
336 |a text  |b txt  |2 rdacontent 
337 |a unmediated  |b n  |2 rdamedia 
338 |a volume  |b nc  |2 rdacarrier 
504 |a Bibliography: page 181. 
600 1 0 |a Baum, L. Frank  |q (Lyman Frank),  |d 1856-1919.  |t Wizard of Oz. 
600 1 0 |a Baum, L. Frank  |q (Lyman Frank),  |d 1856-1919  |x Adaptations. 
700 1 |a Martin, Dick,  |d 1927-1990. 
999 |a MARS 
999 f f |s f5c86bbe-3df4-3d3c-9a65-a394341ecd80  |i 1a264ace-422f-312e-a0ff-5c5f9d5feb4e  |t 0 
952 f f |p ric  |a Texas A&M University  |b Rellis Campus  |c Joint Library Facility  |s JLF  |d Remote Storage  |t 0  |e PS3503.A923 W634  |h Library of Congress classification  |i unmediated -- volume  |m A14804076513 
998 f f |a PS3503.A923 W634  |t 0  |l Remote Storage